00519cam a2200169ua 4500001000400000008003900004020001700043040000900060082001600069245008900085250000900174260003300183300002000216653002300236653006900259700002100328942110423n ii |||gr||||Z||||||eng a019-566981-9 cMAIN a323.63095411 aDurable disorder. Understanding the politics of North East India.cBy Sanjib Baruah. a1st. aNew Delhi.:bOxford.,c2005. a265 p.:c21 cm. aPolitical science. aDurable disorder. Understanding the politics of Northeast India.1 aBaruah, Sanjib.,